000 00614nam a2200253Ia 4500
008 180803s9999 xx 000 0 und d
020 _a9780590542104
050 _bP762 1994
100 _aPolacco, Patricia
245 0 _aPink and say /
245 0 _cby Patricia Polacco.
260 _aBroadway, New York :
260 _bScholastic,
260 _c1994
300 _aunpaged :
300 _bcolored ;
300 _c27cm.
500 _a590
650 _aAfrican American --
650 _aPeople and places --
650 _xChildren's stories.
650 _xJuvenile fiction.
700 _aTitle.
999 _c358290
_d358290